Statistics for U.S. Cities Closest to 100,000

Click here to take the quiz!

General Stats

  • This quiz has been taken 24 times
  • The average score is 23 of 61

Answer Stats

Pop.City% Correct
95,558Carson, CA
71%
95,548Yuma, AZ
71%
91,502Buckeye, AZ
57%
99,757Carmel, IN
57%
94,428Edmond, OK
57%
93,949Fayetteville, AR
57%
98,977Fishers, IN
57%
99,986Kenosha, WI
57%
98,885Longmont, CO
57%
96,968Yakima, WA
57%
99,224Albany, NY
43%
94,589Asheville, NC
43%
97,494Beaverton, OR
43%
99,178Bend, OR
43%
97,422Boca Raton, FL
43%
93,692Deltona, FL
43%
94,831Erie, PA
43%
94,000Fall River, MA
43%
95,294Goodyear, AZ
43%
92,297Hamilton, NJ
43%
92,606Hoover, AL
43%
94,934Lawrence, KS
43%
90,801Mount Pleasant, SC
43%
91,322Nashua, NH
43%
90,403New Braunfels, TX
43%
91,316O'Fallon, MO
43%
98,129Orem, UT
43%
95,112Reading, PA
43%
93,611Redding, CA
43%
92,833Roswell, GA
43%
99,893San Angelo, TX
43%
96,904Sandy, UT
43%
99,609Tuscaloosa, AL
43%
91,482Bellingham, WA
29%
91,403Chino, CA
29%
95,740Compton, CA
29%
91,249Germantown, MD
29%
99,818Hesperia, CA
29%
90,381Lawton, OK
29%
95,535Livonia, MI
29%
93,653Mission Viejo, CA
29%
91,750Plantation, FL
29%
97,915Portsmouth, VA
29%
94,833San Marcos, CA
29%
93,076Santa Monica, CA
29%
92,726South Gate, CA
29%
95,342St. George, UT
29%
94,324Suffolk, VA
29%
97,335Sunrise, FL
29%
93,000Tracy, CA
29%
90,871Trenton, NJ
29%
98,381Vista, CA
29%
90,911Westminster, CA
29%
92,452Alafaya, FL
14%
94,657Arden-Arcade, CA
14%
90,296Clifton, NJ
14%
92,175Kirkland, WA
14%
91,184Norwalk, CT
14%
91,008San Leandro, CA
14%
99,894San Tan Valley, AZ
14%
92,830Toms River, NJ
14%

Score Distribution

Percentile by Number Answered

Percent of People with Each Score

Your Score History

You have not taken this quiz